Une grande réforme sociale, la Loi des "Huit Heures" (Record no. 95204)

MARC details
000 -LEADER
campo de control de longitud fija 00740nam a2200193 i 4500
001 - NÚMERO DE CONTROL
campo de control 95204
003 - IDENTIFICADOR DE NÚMERO DE CONTROL
campo de control ES-MaACL
005 - FECHA Y HORA DE LA ÚLTIMA TRANSACCIÓN
campo de control 20250624193036.0
007 - CAMPO FIJO DE DESCRIPCIÓN FÍSICA--INFORMACIÓN GENERAL
campo de control de longitud fija t|
008 - DATOS DE LONGITUD FIJA--INFORMACIÓN GENERAL
campo de control de longitud fija 050524s1919 fr ||||1| fre d
100 1# - ENTRADA PRINCIPAL--NOMBRE DE PERSONA
Nombre de persona Luquet, Alexandre.
9 (RLIN) 74838
245 10 - MENCIÓN DEL TÍTULO
Título Une grande réforme sociale, la Loi des "Huit Heures"
Resto del título : a qui et comment elle s'applique : ce que chaque salarié doit savoir /
Mención de responsabilidad, etc. Alexandre Luquet ; préface de Léon Blum, avec le texte complet de la Loi.
260 ## - PUBLICACIÓN, DISTRIBUCIÓN, ETC.
Lugar de publicación, distribución, etc. Paris :
Nombre del editor, distribuidor, etc. Librairés du Parti Socialiste et de L'Humanité,
Fecha de publicación, distribución, etc. 1919.
300 ## - DESCRIPCIÓN FÍSICA
Extensión 33 p. ;
Dimensiones 18 cm.
650 ## - PUNTO DE ACCESO ADICIONAL DE MATERIA--TÉRMINO DE MATERIA
Término de materia o nombre geográfico como elemento de entrada Jornada laboral-
Subdivisión geográfica Francia.
9 (RLIN) 150140
700 1# - ENTRADA AGREGADA--NOMBRE PERSONAL
Nombre de persona Blum, Léon,
Fechas asociadas al nombre 1872-1950
9 (RLIN) 29583
852 ## - LOCALIZACIÓN
Ubicación ES-MaACL
Número de control de estantería 1578-F-20
Holdings
Estatus retirado Estado de pérdida Estado de daño No para préstamo Colección Biblioteca de origen Biblioteca actual Ubicación en estantería Fecha de adquisición Fuente de adquisición Total de préstamos Signatura topográfica completa Código de barras Visto por última vez Precio de reemplazo Tipo de ítem Koha
        Colección de folletos Biblioteca del Ateneo de Madrid Biblioteca del Ateneo de Madrid Depósito folletos 17/01/2008     1578-F-20 1099416 23/02/2023 23/02/2023 Folleto